Bachchon Ki Bible (Record no. 8914)

MARC details
000 -LEADER
fixed length control field 00567nam a2200241 a 4500
020 ## - INTERNATIONAL STANDARD BOOK NUMBER
ISBN
082 00 - DEWEY DECIMAL CLASSIFICATION NUMBER
Classification number 220
Author Cutter GHA
100 ## - MAIN ENTRY--AUTHOR NAME
Author name Ghauri, Joseph Philip
245 ## - TITLE STATEMENT
Title Bachchon Ki Bible
260 ## - PUBLICATION, DISTRIBUTION, ETC. (IMPRINT)
Place of publication London
Name of publisher Watts and Company
Year of publication 1985
300 ## - PHYSICAL DESCRIPTION
Number of Pages 104p
500 ## - GENERAL NOTE
General note includes index and biblioraphy
505 2# - FORMATTED CONTENTS NOTE
Formatted contents note Index
650 ## - SUBJECT ADDED ENTRY--TOPICAL TERM
Topical Term Bible-Urdu
942 ## - ADDED ENTRY ELEMENTS (KOHA)
Koha item type
700 1# -
-- Ghauri, Joseph Philip
Holdings
Home library Current library Date acquired Cost, normal purchase price Full call number Accession Number Koha item type
Henry Martyn Institute Library Henry Martyn Institute Library 06/21/2007 100.00 220 GHA C1 013311 Books
Henry Martyn Institute Library Henry Martyn Institute Library 04/11/2018 100.00 220 GHA C2 013312 Books
                   Copyright © 2026 | Henry Martyn Institute | Hyderabad | TS-500052 | INDIA | Implemented by hmi.edu.in
Hit-Count:

Powered by Koha